书目信息 |
| 题名: |
沥青路面养护与维修技术
|
|
| 作者: | 郑木莲 , 李海滨 , 孟建党 编著 | |
| 分册: | ||
| 出版信息: | 北京 中国建筑工业出版社 2012.11 |
|
| 页数: | 437页 | |
| 开本: | 26cm | |
| 丛书名: | ||
| 单 册: | ||
| 中图分类: | U418.6 | |
| 科图分类: | ||
| 主题词: | 沥青路面--li qing lu mian--公路养护 , 沥青路面--li qing lu mian--维修 | |
| 电子资源: | ||
| ISBN: | 978-7-112-13366-6 | |
| 000 | 01018nam0 2200277 450 | |
| 001 | 0100004022 | |
| 005 | 20191109150357.05 | |
| 010 | @a978-7-112-13366-6@dCNY68.00 | |
| 100 | @a20121231d2012 em y0chiy50 ea | |
| 101 | 0 | @achi |
| 102 | @aCN@b110000 | |
| 105 | @aak a 000yy | |
| 200 | 1 | @a沥青路面养护与维修技术@f郑木莲, 李海滨, 孟建党编著@Fzheng mu lian , li hai bin , meng jian dang bian zhu |
| 210 | @a北京@c中国建筑工业出版社@d2012.11 | |
| 215 | @a437页@c图@d26cm | |
| 320 | @a有书目 (第433-437页) | |
| 330 | @a本书系统阐述了沥青路面路况评定、预防性养护理论、养护维修与再生技术, 并将目前沥青路面养护工程中的一些新材料、新技术、新工艺及其应用实例与效果写入相应章节。 | |
| 606 | 0 | @a沥青路面@Ali qing lu mian@x公路养护 |
| 606 | 0 | @a沥青路面@Ali qing lu mian@x维修 |
| 690 | @aU418.6@v5 | |
| 701 | 0 | @a郑木莲@9zheng mu lian@4编著 |
| 701 | 0 | @a李海滨@9li hai bin@4编著 |
| 701 | 0 | @a孟建党@9meng jian dang@4编著 |
| 801 | @aCN@c20130701 | |
| 901 | @a012 | |
| 905 | @eZ441@dU418.6@a23412@b1099898-900 | |
| 沥青路面养护与维修技术/郑木莲, 李海滨, 孟建党编著.-北京:中国建筑工业出版社,2012.11 |
| 437页:图;26cm |
| ISBN 978-7-112-13366-6:CNY68.00 |
| 本书系统阐述了沥青路面路况评定、预防性养护理论、养护维修与再生技术, 并将目前沥青路面养护工程中的一些新材料、新技术、新工艺及其应用实例与效果写入相应章节。 |
| ● |
| 相关链接 |
|
|
|
正题名:沥青路面养护与维修技术
索取号:U418.6/Z441
 
预约/预借
| 序号 | 登录号 | 条形码 | 馆藏地/架位号 | 状态 | 备注 |
| 1 | 1099898 | 210998982 | 自科库501/501自科库 53排6列5层/ [索取号:U418.6/Z441] | 在馆 | |
| 2 | 1099899 | 210998991 | 自科库501/501自科库 53排6列5层/ [索取号:U418.6/Z441] | 在馆 | |
| 3 | 1099900 | 210999008 | 自科库501/501自科库 53排6列5层/ [索取号:U418.6/Z441] | 在馆 | |
| 4 | 1302618 | 213026189 | 自科库501/501自科库 53排6列5层/ [索取号:U418.6/Z441] | 在馆 | |
| 5 | 1302619 | 213026198 | 自科库501/501自科库 53排6列5层/ [索取号:U418.6/Z441] | 在馆 | |
| 6 | 1302620 | 213026205 | 自科库501/501自科库 53排6列5层/ [索取号:U418.6/Z441] | 在馆 | |
| 7 | 1302621 | 213026214 | 自科库501/501自科库 53排6列5层/ [索取号:U418.6/Z441] | 在馆 | |
| 8 | 1302622 | 213026223 | 自科库501/501自科库 53排6列5层/ [索取号:U418.6/Z441] | 在馆 |